Completa il testo! - L'avvelenata - Statistics

Statistiche generali
  • Questo quiz è stato fatto 80 volte
  • Il punteggio medio è 275 su 474
Statistiche sulle risposte
Testo % Corretto
A
100%
Se
100%
Da
97%
E
97%
È
97%
I
97%
Ma
97%
O
94%
Io
90%
Avessi
87%
Per
87%
Questo
87%
Causa
84%
Che
84%
Dati
84%
Di
84%
Mi
84%
Prete
84%
So
84%
Tutto
84%
No
81%
Pretesto
81%
Previsto
81%
Si
81%
Un
81%
Fa
77%
La
77%
Lo
77%
Po'
77%
Son
77%
Dir
74%
Far
74%
Il
74%
Le
74%
Mia
74%
Mio
74%
Non
74%
Attuali
71%
Canzoni
71%
Del
71%
In
71%
Ne
71%
Poi
71%
Questa
71%
Questi
71%
Avrei
68%
Gloria
68%
Ha
68%
Più
68%
Quattro
68%
Scritto
68%
Sia
68%
Soldi
68%
Stronzi
68%
Va
68%
Aveva
65%
Chi
65%
Conclusioni
65%
Credete
65%
Della
65%
Ed
65%
Ho
65%
Laureato
65%
Madre
65%
Sbagliato
65%
Ammetto
61%
Cantante
61%
Davvero
61%
Importante
61%
Padre
61%
Pensione
61%
Ragione
61%
Al
58%
Anche
58%
Conta
58%
Così
58%
Me
58%
Scopare
58%
Accetto
55%
Fare
55%
Grande
55%
Mai
55%
Masturbarmi
55%
Perso
55%
Primo
55%
Quanto
55%
Razza
55%
Su
55%
Voi
55%
Ad
52%
D'un
52%
Fra
52%
Giovane
52%
Godo
52%
Libri
52%
Limite
52%
Oppure
52%
S'io
52%
Stati
52%
Testa
52%
Chiedo
48%
Culo
48%
Fondo
48%
Ingenuo
48%
Molto
48%
Provincialismo
48%
Quello
48%
Sian
48%
Studiato
48%
Tempo
48%
Beh
45%
Come
45%
Comprate
45%
Detto
45%
Dubbi
45%
Possa
45%
Qualunquismo
45%
Quando
45%
Resta
45%
Star
45%
Vino
45%
Voglia
45%
Cantare
42%
Canto
42%
Cazzo
42%
Cosa
42%
Cose
42%
Costruir
42%
Crucifige
42%
Dentro
42%
Ebreo
42%
Fan
42%
Fascista
42%
Frega
42%
Macerie
42%
Negro
42%
Nell'ubriacarmi
42%
Nero
42%
Niente
42%
Nostre
42%
Passa
42%
Poesia
42%
Posso
42%
Quassù
42%
Rivoluzioni
42%
Scrivo
42%
Senza
42%
Serie
42%
Vivo
42%
Accuse
39%
Addosso
39%
Allora
39%
Austeri
39%
Bene
39%
Buffone
39%
Critici
39%
D'arrivismo
39%
Dischi
39%
D'umore
39%
Mantenermi
39%
Miei
39%
Miserie
39%
Perché
39%
Però
39%
Personaggi
39%
Poeta
39%
Rischi
39%
Scusa
39%
Solito
39%
Solo
39%
Sputatemi
39%
Vende
39%
Vendere
39%
Vossia
39%
Alle
35%
Anarchico
35%
Applausi
35%
Assumermi
35%
Bega
35%
Comunista
35%
Fischi
35%
Frugando
35%
Secondo
35%
Ubriacone
35%
Uguale
35%
Ascoltare
32%
Bestemmiare
32%
Diverso
32%
Frocio
32%
Militanti
32%
Ricco
32%
Severi
32%
Sono
32%
Stronzo
32%
Ci
29%
Cretino
29%
Forse
29%
Mattino
29%
Poco
29%
Qui
29%
Radicale
29%
Sei
29%
Stare
29%
Chiunque
26%
Farei
26%
Imbarcare
26%
L'angoscia
26%
Sempre
26%
Stesso
26%
Tiramento
26%
Vendo
26%
Cesso
23%
Depresso
23%
Dice
23%
Didietro
23%
Falso
23%
Medico
23%
Momento
23%
Nemmeno
23%
Ovvio
23%
Possiedo
23%
Tutti
23%
Vero
23%
Bertoncelli
19%
Genio
19%
Gioco
19%
Resto
19%
Tanto
19%
Aver
16%
Casino
16%
Cazzate
16%
Certo
16%
Coglioni
16%
Colleghi
16%
Compagni
16%
Dei
16%
Era
16%
Fate
16%
Fesso
16%
Metro
16%
Musico
16%
Nato
16%
Pio
16%
Sera
16%
Sparare
16%
Teorete
16%
Tetro
16%
Ancora
13%
Andate
13%
Bere
13%
Dirvi
13%
Fallito
13%
Milioni
13%
Peso
13%
Piene
13%
Raccontare
13%
Sapete
13%
Sarà
13%
Siete
13%
Tasche
13%
Alla
10%
Avanti
10%
Cantautori
10%
Capaci
10%
Eletta
10%
Panni
10%
Piace
10%
Portare
10%
Sapere
10%
Schiera
10%
Svesto
10%
Tante
10%
Tiro
10%
Vuole
10%
Quindi
6%
Usare
6%
Nessun quiz corrispondente trovato
Distribuzione punteggi
Percentuale di utenti per punteggio
Percentile per numero di risposta
I tuoi punteggi nel tempo
Non hai fatto questo quiz